Statistics for Alphabetical Anagrams - East Asia Map Quiz

Click here to take the quiz!

General Stats

  • This quiz has been taken 61 times
    (36 since last reset)
  • The average score is 23 of 23

Answer Stats

Answer % Correct
aajnp
100%
aaiklnrs
100%
beinru
100%
aeginoprs
100%
aabcdimo
100%
adeiinnos
100%
aehkoorstu
100%
ehiiilnppps
100%
aaintw
100%
aabdeghlns
100%
abhntu
100%
aelnp
100%
agilmnoo
100%
achin
100%
adeilmsv
100%
adiin
96%
aaailmsy
96%
aammnry
96%
aeimntv
96%
alos
96%
aeimorstt
96%
aehknoorrt
96%
aadhilnt
93%

Score Distribution

Percentile by Number Answered

Percent of People with Each Score

Your Score History

You have not taken this quiz since the last reset